000 01207cam a2200313 a 4500
001 2523809
003 OSt
005 20160302183512.0
008 930517s1993 coua b 001 0 eng
010 _a 93024881
020 _a0813313090 (alk. paper)
020 _a0813313104 (pbk : alk. paper)
040 _aDLC
_cDLC
_dDLC
_dOCoLC
_dDLC
050 0 0 _aHQ1236
_b.P45 1993
082 0 0 _a305.42
_220
_bPET 1993
100 1 _aPeterson, V. Spike.
_97044
245 1 0 _aGlobal gender issues /
_cV. Spike Peterson, Anne Sisson Runyan.
260 _aBoulder :
_bWestview Press,
_c1993.
300 _axiv, 202 p. :
_bill. ;
_c24 cm.
440 0 _aDilemmas in world politics
_97058
504 _aIncludes bibliographical references (p. 183-188) and index.
650 0 _aWomen
_xPolitical activity.
_97059
650 0 _aWorld politics
_y20th century.
_97060
700 1 _aRunyan, Anne Sisson.
_97061
856 4 2 _3Contributor biographical information
_uhttp://www.loc.gov/catdir/enhancements/fy0833/93024881-b.html
906 _a7
_bcbc
_corignew
_d1
_eocip
_f19
_gy-gencatlg
942 _2ddc
_cSLOAN
999 _c3157
_d3157